书目信息 |
| 题名: |
广告媒体策划
|
|
| 作者: | 巴隆 , 西瑟斯 著 ;闾佳 , 邓瑞锁 译 | |
| 分册: | ||
| 出版信息: | 北京 中国人民大学出版社 2006 |
|
| 页数: | 418页 | |
| 开本: | 26cm | |
| 丛书名: | 湛庐营销智慧 | |
| 单 册: | ||
| 中图分类: | F713.8 , F713.81 | |
| 科图分类: | ||
| 主题词: | 广告 , 传播媒介 , 广告--传播媒介--策划 | |
| 电子资源: | ||
| ISBN: | 7-300-07168-6 | |
| 000 | 01555nam0 2200385 450 | |
| 000 | 01533nam0 2200373 450 | |
| 000 | 01464nam0 2200349 450 | |
| 000 | 01428nam0 2200337 45 | |
| 005 | 20070607105910.40 | |
| 010 | @a7-300-07168-6@dCNY88.00 | |
| 100 | @a20070519d2006 em y0chiy0120 ea | |
| 101 | 1 | @achi@ceng |
| 102 | @aCN@b110000 | |
| 105 | @ay z 000yy | |
| 200 | 1 | @a广告媒体策划@AGuang Gao Mei Ti Ce Hua@dAdvertising media planning@e媒体策划人的行业标准参考@EMei Ti Ce Hua Ren De Xing Ye Biao Zhun Can Kao@f(美)杰克·西瑟斯,(美)罗杰·巴隆著@F( Mei ) Jie Ke· Xi Se Si, ( Mei ) Luo Jie· Ba Long Zhu@g闾佳,邓瑞锁译@zeng |
| 210 | @a北京@c中国人民大学出版社@d2006 | |
| 215 | @a418页@c图@d26cm | |
| 225 | 2 | @a湛庐营销智慧@v4 |
| 305 | @a据原书第6版译出 | |
| 306 | @a本书由中国人民大学出版社和美国麦格劳-希尔教育(亚洲)出版公司合作出版 | |
| 330 | @a本书解释了媒体策划这一复杂概念,阐述了媒体策划方案实例、基本测量和计算方法、高级测量方法和计算、营销策略和媒体策划等内容。 | |
| 410 | 0 | @12001 @a湛庐营销智慧 |
| 510 | 1 | @aAdvertising media planning@zeng |
| 517 | 1 | @a媒体策划人的行业标准参考@AMei Ti Ce Hua Ren De Xing Ye Biao Zhun Can Kao |
| 606 | 0 | @a广告 |
| 606 | 0 | @a传播媒介 |
| 606 | 0 | @a广告@x传播媒介@x策划 |
| 690 | @aF713.8@v4 | |
| 690 | @aF713.81@v3 | |
| 701 | 1 | @c(美)@a巴隆@ABa Long@g(Baron, Roger B.)@4著 |
| 701 | 1 | @c(美)@a西瑟斯@AXi Se Si@g(Sissors, Jack Z.)@4著 |
| 702 | 0 | @a闾佳@ALu Jia@4译 |
| 702 | 0 | @a邓瑞锁@ADeng Rui Suo@4译 |
| 801 | 0 | @aCN@bTAOJIN@c20070607 |
| 905 | @a10447@dF713.81@e299 | |
| 广告媒体策划=Advertising media planning:媒体策划人的行业标准参考/(美)杰克·西瑟斯,(美)罗杰·巴隆著/闾佳,邓瑞锁译.-北京:中国人民大学出版社,2006 |
| 418页:图;26cm.-(湛庐营销智慧;4) |
| ISBN 7-300-07168-6:CNY88.00 |
| 本书解释了媒体策划这一复杂概念,阐述了媒体策划方案实例、基本测量和计算方法、高级测量方法和计算、营销策略和媒体策划等内容。 |
| ● |
| 相关链接 |
|
|
|
|
正题名:广告媒体策划
索取号:F713.81/299
 
预约/预借
| 序号 | 登录号 | 条形码 | 馆藏地/架位号 | 状态 | 备注 |
| 1 | 0526921 | 205269216 | 第一样本阅览室/ [索取号:F713.81/299] | 在馆 | |
| 2 | 0526922 | 205269225 | 第一借阅区/ [索取号:F713.81/299] | 在馆 | |
| 3 | 0526923 | 205269234 | 密集书库/ [索取号:F713.81/299] | 在馆 | |
| 4 | 0526924 | 205269243 | 第一借阅区/ [索取号:F713.81/299] | 在馆 | |
| 5 | 0526925 | 205269252 | 第一借阅区/ [索取号:F713.81/299] | 在馆 | |
| 6 | 0526926 | 205269261 | 密集书库/ [索取号:F713.81/299] | 在馆 | |
| 7 | 0526927 | 205269270 | 第一借阅区/ [索取号:F713.81/299] | 在馆 | |
| 8 | 0526928 | 205269289 | 密集书库/ [索取号:F713.81/299] | 在馆 |